Statistics for Los Angeles Angels Nicknames

Click here to take the quiz!

General Stats

  • This quiz has been taken 255 times
    (79 since last reset)
  • The average score is 6 of 13

Answer Stats

NicknameCareerPlayer% Correct
The Millville Meteor2011–Mike Trout
97%
Shotime2018–Shohei Ohtani
88%
Vladdy /
Vlad the Impaler
2004–2009Vladimir Guerrero
86%
Mr. October1982–1986Reggie Jackson
79%
Mr. Angel /
Kingfish
1992–2006Tim Salmon
63%
Chili Bowl1988–1996Chili Davis
58%
Percy1995–2004Troy Percival
42%
Sir Rodney1979–1985Rod Carew
32%
Devo1985–1990Devon White
30%
Jimmy Baseball1993–1999Jim Edmonds
26%
Spider Man2008–2012Torii Hunter
21%
X Factor2001–2004David Eckstein
19%
Iron Pony1969–1974Sandy Alomar
7%

Score Distribution

Percentile by Number Answered

Percent of People with Each Score

Your Score History

You have not taken this quiz since the last reset